| 000 | 00909cam a2200277 a 4500 | ||
|---|---|---|---|
| 001 | 15438437 | ||
| 003 | OSt | ||
| 005 | 20180423185208.0 | ||
| 008 | 080904s2010 nyua b 001 0 eng | ||
| 010 | _a 2008039045 | ||
| 020 | _a9780071267670 | ||
| 035 | _a(OCoLC)ocn245598960 | ||
| 040 |
_aDLC _cDLC _dYDX _dYDXCP _dDLC |
||
| 050 | 0 | 0 |
_aT57.6 _b.H53 2010 |
| 082 | 0 | 0 |
_a003 HIL 2010 _222 |
| 100 | 1 |
_aHillier, Frederick S.; Lieberman, Gerald J. _9594 |
|
| 245 | 1 | 0 | _aIntroduction to Operations Research |
| 250 | _a9th ed. | ||
| 260 |
_aNew York; _bMcGraw-Hill Higher Education, _cc2010. |
||
| 300 |
_axxiv, 1047 p. : _bill. ; _c26 cm. |
||
| 504 | _aIncludes bibliographical references and indexes. | ||
| 650 | 0 |
_aResearch methods _9595 |
|
| 856 | 4 | 1 |
_3Table of contents only _uhttp://www.loc.gov/catdir/toc/ecip0827/2008039045.html |
| 906 |
_a7 _bcbc _corignew _d1 _eecip _f20 _gy-gencatlg |
||
| 942 |
_2z _cB_BANK |
||
| 999 |
_c227 _d227 |
||